| 000 | 00434nam a2200157Ia 4500 | ||
|---|---|---|---|
| 008 | 230312s9999||||xx |||||||||||||| ||und|| | ||
| 020 | _a0-7506-8502-3 | ||
| 082 |
_a720.28 _bDAV-D |
||
| 100 | _aDavies;Nikolas | ||
| 245 | 0 | _aDictionary of Architecture and Building Construction | |
| 260 |
_bElsevier _aLondon _c2008 |
||
| 300 | _a726 | ||
| 546 | _aEng. | ||
| 650 |
_aArchitecture _vArchitecture and Building Construction |
||
| 942 | _cBK | ||
| 999 |
_c9615 _d9615 |
||